Credit derivatives : (Record no. 346645)
[ view plain ]
| 000 -LEADER | |
|---|---|
| fixed length control field | 01139 a2200229 4500 |
| 020 ## - INTERNATIONAL STANDARD BOOK NUMBER | |
| International Standard Book Number | 0071453148 (hardcover) |
| 020 ## - INTERNATIONAL STANDARD BOOK NUMBER | |
| International Standard Book Number | 9780071453141 (hardcover) |
| 082 04 - DEWEY DECIMAL CLASSIFICATION NUMBER | |
| Classification number | 332.6457 |
| 090 ## - LOCALLY ASSIGNED LC-TYPE CALL NUMBER (OCLC); LOCAL CALL NUMBER (RLIN) | |
| -- | 4194 |
| -- | 4194 |
| 100 1# - MAIN ENTRY--PERSONAL NAME | |
| Personal name | Banks, Erik. |
| 245 10 - TITLE STATEMENT | |
| Title | Credit derivatives : |
| Remainder of title | techniques to manage credit risk for financial professionals / |
| Statement of responsibility, etc. | Erik Banks, Morton Glantz, Paul Siegel. |
| 250 ## - EDITION STATEMENT | |
| Edition statement | 1st ed. |
| 260 ## - PUBLICATION, DISTRIBUTION, ETC. | |
| Place of publication, distribution, etc. | [S.l.] : |
| Name of publisher, distributor, etc. | McGraw-Hill, |
| Date of publication, distribution, etc. | 2006. |
| 300 ## - PHYSICAL DESCRIPTION | |
| Extent | 304 p. ; |
| Dimensions | 24 cm. |
| 490 1# - SERIES STATEMENT | |
| Series statement | Mcgraw-hill financial education series. |
| 520 ## - SUMMARY, ETC. | |
| Summary, etc. | Credit Derivatives explains the major types of credit derivatives and their unique features, illustrating how they work in the real world through numerous examples. You will learn the key skill of pricing credit derivatives and the factors that must be taken into account, including time to maturity, probability of default, and expected recovery value. |
| 700 1# - ADDED ENTRY--PERSONAL NAME | |
| Personal name | Glantz, Morton. |
| 700 1# - ADDED ENTRY--PERSONAL NAME | |
| Personal name | Siegel, Paul. |
| 830 #0 - SERIES ADDED ENTRY--UNIFORM TITLE | |
| Uniform title | Mcgraw-hill financial education series. |
| 856 40 - ELECTRONIC LOCATION AND ACCESS | |
| Materials specified | Amazon.com |
| Uniform Resource Identifier | <a href="http://www.amazon.com/exec/obidos/ASIN/0071453148/chopaconline-20">http://www.amazon.com/exec/obidos/ASIN/0071453148/chopaconline-20</a> |
| 942 ## - ADDED ENTRY ELEMENTS (KOHA) | |
| Institution code [OBSOLETE] | NBS |
| Koha item type | Book |
| Call number prefix | 332.457 BAN |
| Withdrawn status | Lost status | Damaged status | Not for loan | Permanent Location | Current Location | Date acquired | Total Checkouts | Full call number | Barcode | Date last seen | Date last checked out | Price effective from | Koha item type |
|---|---|---|---|---|---|---|---|---|---|---|---|---|---|
| Central Library (CL) | Central Library (CL) | 08/28/2013 | 1 | 332.457 BAN | NBS8043 | 11/22/2017 | 08/02/2017 | 08/28/2013 | Book |
